| 000 | | | 05231cmc2a2200000#x 450 |
| 001 | | | 39d70f851e604ccfa29b6ed73a014f2b |
| 005 | | | 20181031114126.0 |
| 100 | ## | $a | 20130926l19091909k y0rusy0189 ca |
| 101 | 0# | $a | rus |
| 102 | ## | $a | RU |
| 251 | ## | $c | Дело |
| 225 | 0# | $a | Фонд Совет министров (1905-1917) |
| | $h | Опись № 5 |
| | $i | 1909 г. |
| 300 | ## | $a | Машинописный текст |
| 324 | ## | $a | Пленка |
| 801 | #0 | $a | RU |
| | $b | РГИА |
| | $c | 20130926 |
| 801 | #1 | $a | RU |
| | $b | ГлавНИВЦ |
| | $c | 20130926 |
| | $2 | rusmarc |
| 801 | #2 | $a | RU |
| | $b | ПБ им. Б.Н. Ельцина |
| | $c | 20130926 |
| | $g | RCR |
| | $2 | rusmarc |
| 850 | ## | $a | Федеральное казенное учреждение "Российский государственный исторический архив" (РГИА) |
| 852 | ## | $a | РГИА |
| | $j | 198 |
| 937 | ## | $a | ASBIBLIO_SCAN |
| | $b | РГИА_1276:_5:_198: |
| | $d | 1461480 |
| | $h | РГИА |
| 200 | 1# | $a | Об установлении курортного сбора с лиц, приезжающих лечиться кумысом в Белебеевский уезд Уфимской губернии |
| | $j | 6 - 14 мая 1909 года |
| 215 | ## | $a | 22 листа |
| 035 | ## | $a | 39d70f851e604ccfa29b6ed73a014f2b |
| 606 | 1# | $a | Кумысолечебные курорты |
| | $j | Документы и материалы |
| | $2 | prlib_sh |
| | $3 | LIBNET\UAF\0000078246 |
| | $x | История |
| | $y | Башкирия |
| 605 | ## | $2 | acquisition_Prlib |
| | $3 | DITM\AF\0000004675 |
| | $a | Территория |
| | $l | коллекция |
| 605 | ## | $a | Народ |
| | $l | коллекция |
| | $2 | acquisition_Prlib |
| | $3 | DITM\AF\0000003834 |
| 605 | ## | $a | Территория России: Башкортостан, Республика |
| | $l | коллекция |
| | $2 | acquisition_Prlib |
| | $3 | LIBNET\UAF\0000053731 |
| 605 | ## | $a | Республика Башкортостан: страницы истории |
| | $l | коллекция |
| | $2 | acquisition_Prlib |
| | $3 | LIBNET\UAF\0000053732 |
| 617 | ## | $2 | prlib_sh |
| | $c | Уфимская губерния |
| 617 | ## | $2 | prlib_sh |
| | $b | Башкортостан, Республика |
| 686 | ## | $a | 63.3(28-8Уфи)53ю1 |
| | $2 | rubbk |
| | $v | LBC/M |
| 122 | 2# | $a | d19090506## |
| | $a | d19090514## |
| 461 | #0 | $1 | 001c7912e80-a322-4844-9992-beca65726c82 |
| | $1 | 2001 |
| | $a | Совет министров (1905-1917) |
| | $1 | 251 |
| | $c | Фонд |
| | $1 | 852 |
| | $j | 1276 |
| 462 | #0 | $1 | 00164261bc6-18ac-401c-bae1-b17ceb7bb47e |
| | $1 | 2001 |
| | $a | 1909 г. |
| | $v | Д. 198 |
| | $1 | 251 |
| | $c | Опись |
| | $1 | 852 |
| | $j | 5 |